Frog medicine / (Record no. 103164)
[ view plain ]
| 000 -LEADER | |
|---|---|
| fixed length control field | 00775nam a2200181 a 4500 |
| 005 - DATE AND TIME OF LATEST TRANSACTION | |
| control field | 20140412111251.0 |
| 008 - FIXED-LENGTH DATA ELEMENTS--GENERAL INFORMATION | |
| fixed length control field | 000823s19uu xx 00 eng d |
| 020 ## - INTERNATIONAL STANDARD BOOK NUMBER | |
| International Standard Book Number | 0-590-44178-7 |
| 050 ## - LIBRARY OF CONGRESS CALL NUMBER | |
| Classification number | TR(PS E |
| Item number | Fr92 1991 |
| 100 ## - MAIN ENTRY--PERSONAL NAME | |
| Personal name | Teague, Mark |
| 245 ## - TITLE STATEMENT | |
| Title | Frog medicine / |
| Statement of responsibility, etc | by Mark Teague. |
| 260 ## - PUBLICATION, DISTRIBUTION, ETC. (IMPRINT) | |
| Place of publication, distribution, etc | New York : |
| Name of publisher, distributor, etc | Scholastic Inc, |
| Date of publication, distribution, etc | 1991. |
| 300 ## - PHYSICAL DESCRIPTION | |
| Extent | 1 v. (unp.) ; ill. |
| 520 ## - SUMMARY, ETC. | |
| Summary, etc | Elmo Freem can't believe he has to do a book report on a dumb book called Frog Medicine. But suddenly, the book doesn't seem so dumb when he finds himself turning into a frog. Time to go to Frogtown and find the author of the book, where Elmo learns lots about frogs, book reports, and life in general! |
| 650 ## - SUBJECT ADDED ENTRY--TOPICAL TERM | |
| Topical term or geographic name as entry element | Frogs-Fiction |
| 650 ## - SUBJECT ADDED ENTRY--TOPICAL TERM | |
| Topical term or geographic name as entry element | Medicines-Fiction |
| Withdrawn status | Lost status | Damaged status | Home library | Current library | Shelving location | Date acquired | Source of acquisition | Cost, normal purchase price | Total Checkouts | Full call number | Barcode | Date last seen | Price effective from | Koha item type |
|---|---|---|---|---|---|---|---|---|---|---|---|---|---|---|
| Elizalde Library | Elizalde Library | Teachers Reference Section | 08/23/2000 | 215.00 | TR(PS E Fr92 1991 | E3944 | 04/12/2014 | 04/12/2014 | Books |